عرض عادي
عرض مارك
- Gatford, J. D.,
مدخل إسم شخص
001 - رقم الضبط
- حقل الضبط: 74822
003 - معرف رقم الضبط
- حقل الضبط: OSt
005 - تاريخ ووقت أخر عملية
- حقل الضبط: 20190822085624.0
008 - عناصر بيانات ثابتة الطول
- حقل تحكم ثابت الطول: 190822|| aca||aabn | a|a d
040 ## - مصدر الفهرسة
- هيئة الفهرسة الأصلية: OSt
- وكالة الكتابة: OSt
100 ## - مدخل -- أسم شخص
- إسم شخص: Gatford, J. D.,
- مصطلح الرابط: author.
670 ## - بيانات المصدر موجوده
- الاستشهاد بالمصدر: Work cat.: (OSt)0: Gatford, J. D., author., Nursing calculations /, [2016]
